| 000 | 00602nam a22002297a 4500 | ||
|---|---|---|---|
| 001 | 35359 | ||
| 003 | BD-RjUL | ||
| 005 | 20211209052315.0 | ||
| 008 | 140524s1962 enka s 001 0 eng d | ||
| 035 | _a(BD-RjUL)35453 | ||
| 040 |
_aBD-RjUL _beng _cBD-RjUL |
||
| 041 | _aeng | ||
| 082 |
_a519.5 _bHAO 1962 |
||
| 100 | 1 |
_aHays, Samuel. _9107724 |
|
| 245 |
_a An outline of statistics / _cby Samuel Hays. |
||
| 250 | _a6th ed. | ||
| 260 |
_aLondon : _bLongmans, _cc1962. |
||
| 300 |
_aix, 313 p. : _billus. ; _c18 cm. |
||
| 504 | _aIncludes index. | ||
| 650 | 0 |
_aStatistics. _9107725 |
|
| 942 |
_2ddc _cBK |
||
| 999 |
_c35359 _d35359 |
||